Países del mundo en 1900 - Estadísticas

Estadísticas generales
  • Esta prueba ha sido intentada 192 veces
  • La puntuación promedio es 53 de 80
Respuestas en el mapa
Las respuestas están codificadas por una escala verde-roja en el mapa de la prueba según el % correcto abajo.
 
Estadísticas de respuestas
País % Correcto
Estados Unidos
99%
Canadá
98%
China
98%
España
98%
Francia
98%
Reino Unido
98%
Rusia
98%
Alemania
97%
Japón
97%
Portugal
96%
Corea
95%
México
95%
Argentina
94%
Bélgica
94%
Bolivia
94%
Brasil
94%
Chile
94%
Colombia
94%
Dinamarca
94%
Ecuador
94%
Italia
94%
Países Bajos
94%
Suecia-Noruega
94%
Uruguay
94%
Venezuela
94%
Perú
93%
Paraguay
92%
Costa Rica
91%
El Salvador
91%
Grecia
91%
Guatemala
91%
Nepal
91%
Nicaragua
91%
Persia
91%
Siam
91%
Suiza
91%
Austria-Hungría
90%
Haití
90%
Honduras
90%
Marruecos
90%
Mascate y Omán
90%
República Dominicana
89%
Bulgaria
88%
Afganistán
87%
Etiopía
87%
Rumania
87%
Estado Libre del Congo
84%
Bután
83%
Serbia
83%
Imperio Otomano
81%
Montenegro
75%
Luxemburgo
70%
Liberia
67%
Andorra
60%
Liechtenstein
59%
Mónaco
59%
San Marino
59%
Estado de Creta
41%
República Sudafricana
33%
Esuatini
31%
Acre
23%
Estado Libre de Orange
13%
Tonga
13%
Califato de Sokoto
9%
Nuevas Hébridas (territorio neutral)
7%
Aceh
6%
Ashanti
6%
Bali
5%
Sultanato de Aussa
5%
Estado de Derviche
3%
Ha'il
3%
Johor
3%
Champasak
2%
Ouaddai
2%
Reino de Ankole
2%
Reino de Dendi
2%
Sultanato de Geledi
2%
Sultanato de Jambi
2%
Confederación Aro
1%
Sultanato de Joló
1%
No se encontraron pruebas coincidentes
Distribución de puntuación
Porcentaje de gente con cada puntuación
Porcentaje por número respondido
Historial de tus puntuaciones
No has intentado esta prueba.